Chargement en cours...
The sixth finance commission award /
| Auteur principal: | |
|---|---|
| Format: | Printed Book |
| Langue: | English |
| Publié: |
Trivandrum:
Govt. Press,
1974.
|
| LEADER | 00465 a2200121 4500 | ||
|---|---|---|---|
| 008 | 100208b ||||| |||| 00| 0 eng d | ||
| 082 | |a 336.54 | ||
| 100 | |a India, Kerala. State Planning Board. | ||
| 245 | |a The sixth finance commission award / | ||
| 260 | |b Govt. Press, |a Trivandrum: |c 1974. | ||
| 942 | |c BK | ||
| 999 | |c 309799 |d 309799 | ||
| 952 | |0 0 |1 0 |2 ddc |4 0 |6 336_540000000000000_IND_T |7 0 |9 355895 |a ECN |b ECN |c ST1 |d 2010-09-07 |e Gift |i 399 |l 0 |o 336.54 IND/T |p ECN399 |r 2010-09-07 |w 2010-09-07 |y BK | ||